| 000 | 01043cam a2200325Mu 4500 | ||
|---|---|---|---|
| 001 | 97127 | ||
| 005 | 20230411085641.0 | ||
| 008 | 070213s2005 it 000 0 ita d | ||
| 035 | _a(OCoLC)ocn603673145 | ||
| 040 |
_aSzZUIDS _bger _cCHVBK |
||
| 020 | _a9788849125504 | ||
| 020 | _a884912550X | ||
| 029 | 0 |
_aCHVBK _b019744242 |
|
| 035 | _a(OCoLC)603673145 | ||
| 050 | 1 | 4 |
_aZ 809 _bS287c 2005 |
| 082 | 0 | 0 | _a027 |
| 049 | _aGRAL | ||
| 100 | 1 | _aScatasta, Raffaello. | |
| 245 | 1 | 0 |
_aCento biblioteche : _bRacconto per immagini del sistema bibliotecario dell'Ateneo bolognese / _cRaffaello Scatasta ; presentazione di Pier Ugo Calzolari, Fanny S. Cappello ; saggio introduttivo di Maria Gioia Tavoni. |
| 260 |
_aBologna : _bCLUEB, _c2005. |
||
| 300 |
_a159 p : _bIll. |
||
| 650 | 0 |
_aLibraries _zItaly. |
|
| 650 | 0 |
_aLibrary resources _zItaly. |
|
| 650 | 4 |
_aBibliotecas _zItalia. |
|
| 651 | 7 |
_aBologna _xBibliothek _vBildband. _2idsbb |
|
| 700 | 1 | _aCalzolari, Pier Ugo. | |
| 942 |
_2lcc _cbk |
||
| 946 | _amjcruz | ||
| 994 |
_aC0 _bDRFGD |
||
| 999 |
_c105336 _d105336 |
||